000 00590nam a2200241Ia 4500
003 OSt
005 20221005083149.0
006 a|||||r|||| 00| 0
007 ta
008 221004b |||||||| |||| 00| 0 eng d
024 _a46377
037 _cTextual
040 _aCRL
_cCRL
_beng
041 _2eng
_aeng
082 _aQ1, N4-;1
100 _aJain Giri Lal
_9612390
245 0 _aHindu phenomenon
260 _aNew Delhi
_bUBSPD
_c1994
300 _a170p
_ccm.
650 _aRELIGION
942 _hQ1, N4-;1
_cTEXL
_2cc
999 _c990388
_d990388